Fúzie a akvizície v európskom bankovníctve bakalárska práca

Salvato in:
Dettagli Bibliografici
Autore principale: Šupejová, Lucia
Ente Autore: Národohospodárska fakulta EU. Katedra bankovníctva a medzinárodných financií
Altri autori: Oravíková Podoliaková, Katarína
Natura: Libro
Lingua:slovacco
Pubblicazione: Bratislava 2010
Tags: Aggiungi Tag
Nessun Tag, puoi essere il primo ad aggiungerne!!

MARC

LEADER 00000nbm a2200000 4500
001 0135946
005 20110906094456.6
041 0 |a slo 
044 |a SK 
245 1 0 |a Fúzie a akvizície v európskom bankovníctve  |b bakalárska práca  |c Lucia Šupejová ; školiteľ: Katarína Oravíková Podoliaková 
264 1 |a Bratislava  |c 2010 
300 |a 41 s. 
100 1 |a Šupejová, Lucia 
700 1 |a Oravíková Podoliaková, Katarína 
710 2 |a Národohospodárska fakulta EU. Katedra bankovníctva a medzinárodných financií